000 00747nam a2200181 u 4500
001 000012801
003 AM-YeHGA
005 20250617163121.0
008 030314s1959 ai r 000 0 rus d
040 _aAM-YeHGA
100 1 _aВессель, Николай Христианович
245 1 0 _aОчерки об общем образовании и системе народного образования в России /
_cН.Х. Вессель ; Сост. В.Я. Струминский.
260 _aМосква :
_bУчпедгиз,
_c1959.
300 _a320 с.
650 1 4 _aОбщие вопросы образования и воспитания
700 1 _aСтруминский, В.Я.
_eсост.
_4com
090 _c504635
999 _c501221
_d501221